1992 and beyond document
Uložené v:
| Hlavný autor: | |
|---|---|
| Korporativný autor: | |
| Médium: | Kniha |
| Jazyk: | English |
| Vydavateľské údaje: |
Luxembourg
Office for Official Publications of the European Communities
1989
|
| Predmet: | |
| Tagy: |
Žiadne tagy, Buďte prvý, kto otaguje tento záznam!
|
MARC
| LEADER | 00000nam a2200000 4500 | ||
|---|---|---|---|
| 001 | 0199347 | ||
| 005 | 20240111123233.1 | ||
| 020 | |a 92-826-0088-2 | ||
| 041 | 0 | |a eng | |
| 044 | |a LU | ||
| 245 | 1 | 0 | |a 1992 and beyond |b document |c by John Palmer |
| 264 | 1 | |a Luxembourg |b Office for Official Publications of the European Communities |c 1989 | |
| 300 | |a 95 s. | ||
| 610 | 2 | 0 | |a integrácia ekonomická medzinárodná |
| 610 | 2 | 0 | |a spolupráca hospodárska medzinárodná |
| 610 | 2 | 0 | |a trh spoločný |
| 610 | 2 | 0 | |a prognózy |
| 610 | 2 | 0 | |a vývoj |
| 610 | 2 | 0 | |a Európa |
| 610 | 2 | 0 | |a Európska únia |
| 100 | 1 | |a Palmer, John | |
| 710 | 2 | |a Commission of the European Communities | |